Luật và các tổ chức thương mại quốc tế diễn giải = International trade law and organisations's interpretation

Uloženo v:
Podrobná bibliografie
Hlavní autor: Dương Hữu Hạnh
Médium: Kniha
Jazyk:Undetermined
Vydáno: Hà Nội Thống kê 2004
Témata:
Tagy: Přidat tag
Žádné tagy, Buďte první, kdo otaguje tento záznam!
Thư viện lưu trữ: Trung tâm Học liệu Trường Đại học Cần Thơ
LEADER 00751nam a2200217Ia 4500
001 CTU_64832
008 210402s9999 xx 000 0 und d
020 |c 68000 
082 |a 341.754 
082 |b H107 
100 |a Dương Hữu Hạnh 
245 0 |a Luật và các tổ chức thương mại quốc tế diễn giải = 
245 0 |b International trade law and organisations's interpretation 
245 0 |c Dương Hữu Hạnh 
260 |a Hà Nội 
260 |b Thống kê 
260 |c 2004 
650 |a Commercial law,International business enterprises,Foreign trade regulation 
650 |x Law and gegislation 
904 |i TUYẾN,Hải 
980 |a Trung tâm Học liệu Trường Đại học Cần Thơ